000 00466nam a2200169Ia 4500
003 GCL
008 140319s9999 xx 000 0 ara d
040 _aGCL /
_cGCL
082 0 4 _a320.531
_bح ط
100 1 _aحسن عباس زكى
245 1 0 _aطريق الغد /
_cحسن عباس زكى
300 _a149 ص
490 _aالمكتبة الثقافية
_v0
650 0 4 _aالاشتراكية
650 0 4 _aالمذاهب السياسية
942 _2ddc
_cBK
999 _c47513
_d47513